| 000 | 00468nam a2200133 a 4500 | ||
|---|---|---|---|
| 008 | 120416s0000 ||||||||||||||||| || u | ||
| 020 | _a0409901016 | ||
| 050 | _aTJ 179 Lyo | ||
| 100 | _aLyon, Richard H | ||
| 245 | 1 | 0 | _aMachinery noise and diagnostics |
| 260 |
_aBoston _bButterworths _c1986 |
||
| 350 | _a0.00 | ||
| 995 |
_D0.00 _FCBU-MAIN LIBRARY (Kitwe) _H1 _I25.00 _M1 _UAVAILABLE _ZMain Library Open Access Collection |
||
| 999 |
_c49589 _d49589 |
||